[Event "Tashkent Mukhitdinov Memorial"]
[Site "Tashkent"]
[Date "2025.07.08"]
[Round "3"]
[White "Tillyaev, Ulugbek"]
[Black "Amirkul, Alimzhan"]
[Result "1-0"]
[WhiteElo "2262"]
[BlackElo "2357"]
[PlyCount "141"]
[EventDate "2025.07.07"]
[EventType "tourn"]
[EventRounds "9"]
[EventCountry "UZB"]
[SourceTitle "CB29_2025"]
[SourceDate "2025.07.16"]
[SourceVersion "1"]
[SourceVersionDate "2025.07.16"]
[SourceQuality "1"]

1. e4 c5 2. Nf3 Nc6 3. Bb5 e5 4. 0-0 Bd6 5. c3 a6 6. Ba4 b5 7. Bc2 Nge7 8. a4 b4 9. Re1 Qc7 10. d3 0-0 11. Nbd2 Ng6 12. h4 Be7 13. g3 Rd8 14. Bb3 Na5 15. Bd5 Bb7 16. Bxb7 Nxb7 17. c4 Bf8 18. Nf1 Ne7 19. Ne3 Na5 20. h5 f6 21. Kg2 Nac6 22. Rh1 Qd6 23. b3 Qe6 24. Nh4 Rac8 25. Bb2 d6 26. Rb1 Kf7 27. f4 Ke8 28. Nd5 Qf7 29. Qg4 Nxd5 30. exd5 Ne7 31. fxe5 dxe5 32. Rbf1 Nxd5 33. cxd5 Qxd5+ 34. Rf3 Qxb3 35. Bxe5 Rc6 36. h6 Qa2+ 37. Kh3 Qe6 38. Nf5 g6 39. Ng7+ Bxg7 40. hxg7 Qxg4+ 41. Kxg4 Kf7 42. Rhf1 h5+ 43. Kh4 f5 44. Rc1 Rd5 45. Bb2 Re6 46. Rc2 Kg8 47. Rff2 Rxd3 48. Rxc5 Re8 49. Rc6 Kh7 50. Rf6 Rg8 51. Rxa6 Rd1 52. Kg5 Rd3 53. Rg2 Rd5 54. Re6 f4+ 55. Kxf4 Ra5 56. Rge2 Rxa4 57. Re8 b3+ 58. Kf3 Ra8 59. Rxa8 Rxa8 60. Kf4 Rb8 61. Kg5 Rb5+ 62. Re5 Rb8 63. Kf6 Rb6+ 64. Kg5 Rb8 65. Rd5 Re8 66. Rb5 Rc8 67. Rxb3 h4 68. Kxh4 g5+ 69. Kxg5 Rb8 70. g8Q+ Rxg8+ 71. Kh4 1-0

[Event "Aktobe Dvorkovich op-A"]
[Site "Aktobe"]
[Date "2025.06.24"]
[Round "3"]
[White "Amirkul, Alimzhan"]
[Black "Sultanbek, Zeinep"]
[Result "0-1"]
[WhiteElo "2357"]
[BlackElo "2068"]
[PlyCount "73"]
[EventDate "2025.06.22"]
[EventType "swiss"]
[EventRounds "9"]
[EventCountry "KAZ"]
[SourceTitle "CB27_2025"]
[SourceDate "2025.07.02"]
[SourceVersion "1"]
[SourceVersionDate "2025.07.02"]
[SourceQuality "1"]

1. e4 c5 2. Nf3 d6 3. d4 Nf6 4. Nc3 cxd4 5. Nxd4 a6 6. Bc4 e6 7. a4 Be7 8. 0-0 0-0 9. Be3 Qc7 10. Qe2 Nc6 11. Rfd1 Re8 12. Nxc6 bxc6 13. a5 d5 14. Bb6 Qf4 15. Bb3 Ng4 16. g3 Qg5 17. h3 Nf6 18. Ba4 Bb7 19. Bb3 Bc8 20. Ba4 Bb7 21. Re1 Bb4 22. exd5 exd5 23. Qf3 Rab8 24. Qe2 Ra8 25. Qf3 Rab8 26. Rxe8+ Rxe8 27. Ne2 Nd7 28. Bc7 Qd2 29. Nf4 Bxa5 30. Nxd5 Re1+ 31. Rxe1 Qxe1+ 32. Kg2 Bxc7 33. Nxc7 Qa5 34. Qf4 Ne5 35. Ne8 c5+ 36. Kh2 Qe1 37. Nf6+ 0-1

[Event "Spilimbergo op 22nd"]
[Site "Spilimbergo"]
[Date "2024.08.15"]
[Round "9"]
[White "Sowinski, Pawel"]
[Black "Amirkul, Alimzhan"]
[Result "1-0"]
[WhiteElo "2463"]
[BlackElo "2267"]
[PlyCount "109"]
[EventDate "2024.08.09"]
[EventType "swiss"]
[EventRounds "9"]
[EventCountry "ITA"]
[SourceTitle "EXT 2025"]
[Source "ChessBase"]
[SourceDate "2024.10.14"]
[SourceVersion "1"]
[SourceVersionDate "2024.10.14"]
[SourceQuality "1"]

1. e4 c5 2. Nf3 Nc6 3. Bb5 e5 4. 0-0 Bd6 5. c3 a6 6. Ba4 b5 7. Bc2 Nge7 8. a4 b4 9. Re1 Qc7 10. d3 0-0 11. Nbd2 Ng6 12. Nc4 Be7 13. Ne3 d6 14. Nd5 Qd8 15. h3 Be6 16. Bb3 Na5 17. Ba2 Rb8 18. cxb4 cxb4 19. Bd2 b3 20. Nxe7+ Qxe7 21. Bb1 Nc6 22. Bc3 Nf4 23. d4 Qf6 24. d5 Bxh3 25. g3 Ne7 26. Nh2 h5 27. Qf3 Qg6 28. Bd2 Bg2 29. Qd1 Bh3 30. Kh1 Bg2+ 31. Kg1 Bh3 32. Nf3 Bg4 33. Nh4 Qf6 34. f3 Bd7 35. Kf2 Nfg6 36. Rh1 Nxh4 37. Rxh4 Qg6 38. Qh1 f5 39. Rxh5 fxe4 40. Bxe4 Bf5 41. Rxf5 Rxf5 42. Ke2 Qf7 43. g4 Rf4 44. Qh7+ Kf8 45. Qh8+ Ng8 46. Rc1 Rxe4+ 47. fxe4 Qg6 48. Kf3 Qf7+ 49. Kg3 a5 50. Bg5 Ke8 51. Rf1 Qxf1 52. Qxg8+ Kd7 53. Qe6+ Kc7 54. Qe7+ Kc8 55. Qe8+ 1-0

[Event "Spilimbergo op 22nd"]
[Site "Spilimbergo"]
[Date "2024.08.13"]
[Round "7"]
[White "Martinovici, Ilie"]
[Black "Amirkul, Alimzhan"]
[Result "1/2-1/2"]
[WhiteElo "2439"]
[BlackElo "2267"]
[PlyCount "120"]
[EventDate "2024.08.09"]
[EventType "swiss"]
[EventRounds "9"]
[EventCountry "ITA"]
[SourceTitle "EXT 2025"]
[Source "ChessBase"]
[SourceDate "2024.10.14"]
[SourceVersion "1"]
[SourceVersionDate "2024.10.14"]
[SourceQuality "1"]

1. d4 Nf6 2. c4 e6 3. Nc3 Bb4 4. Qc2 0-0 5. a3 Bxc3+ 6. Qxc3 b6 7. Bg5 Bb7 8. f3 h6 9. Bh4 d5 10. e3 c5 11. dxc5 Nbd7 12. cxd5 Nxd5 13. Bxd8 Nxc3 14. Be7 Rfe8 15. Bd6 Nd5 16. Bb5 bxc5 17. Bxd7 Red8 18. Bxc5 Rxd7 19. Ne2 Ba6 20. Kf2 Rc8 21. Rac1 Nb6 22. Bd4 Nc4 23. Rhd1 Rb8 24. b4 Nxa3 25. Ra1 Bxe2 26. Kxe2 Nc2 27. Bxa7 Rbb7 28. Rxd7 Rxd7 29. Ra4 Nxb4 30. Bd4 Nc6 31. Bc3 Ra7 32. Rg4 e5 33. f4 f6 34. fxe5 Nxe5 35. Bxe5 fxe5 36. Kf3 Kf7 37. Rb4 Ra6 38. h4 h5 39. g3 Kf6 40. Rc4 Rd6 41. Ke4 Ra6 42. Rb4 Ke6 43. Kf3 Kf6 44. Rc4 Rd6 45. Ra4 Rb6 46. g4 hxg4+ 47. Rxg4 g6 48. Rc4 Ra6 49. Kg4 Rb6 50. Kf3 Ra6 51. Ke4 Ke6 52. Rb4 Rc6 53. Kf3 Kf6 54. Rb8 Rc4 55. e4 Rc3+ 56. Kg4 Re3 57. Rb6+ Kg7 58. Rb4 Kh6 59. Ra4 Re1 60. Rb4 Re3 1/2-1/2

[Event "Spilimbergo op 22nd"]
[Site "Spilimbergo"]
[Date "2024.08.10"]
[Round "3"]
[White "Omelja, Artem"]
[Black "Amirkul, Alimzhan"]
[Result "1-0"]
[WhiteElo "2434"]
[BlackElo "2267"]
[PlyCount "119"]
[EventDate "2024.08.09"]
[EventType "swiss"]
[EventRounds "9"]
[EventCountry "ITA"]
[SourceTitle "EXT 2025"]
[Source "ChessBase"]
[SourceDate "2024.10.14"]
[SourceVersion "1"]
[SourceVersionDate "2024.10.14"]
[SourceQuality "1"]

1. Nf3 Nf6 2. c4 e6 3. b3 d5 4. e3 Bd6 5. Bb2 0-0 6. Nc3 Nc6 7. Be2 dxc4 8. bxc4 e5 9. Qb1 Re8 10. Ng5 h6 11. h4 e4 12. Ngxe4 Nxe4 13. Nxe4 Bf5 14. d3 Bxe4 15. dxe4 Bb4+ 16. Kf1 Qd2 17. a3 Bc5 18. Ra2 Qd6 19. g3 Qe6 20. Kg2 Rad8 21. Qc2 Qxe4+ 22. Qxe4 Rxe4 23. Bc1 Re7 24. Rd1 Rxd1 25. Bxd1 Ne5 26. Be2 Nd7 27. Rd2 Nf6 28. Rd8+ Re8 29. Rxe8+ Nxe8 30. f4 Nd6 31. Kf3 c6 32. a4 a6 33. e4 b5 34. cxb5 cxb5 35. axb5 axb5 36. e5 Nf5 37. Bd3 g6 38. h5 Nd4+ 39. Ke4 Nb3 40. Bb2 gxh5 41. Bxb5 Nd2+ 42. Kd5 Bf2 43. f5 Bxg3 44. e6 fxe6+ 45. fxe6 Bh4 46. Ba3 Kg7 47. e7 Bxe7 48. Bxe7 Nf3 49. Be2 Kf7 50. Kd6 Ng5 51. Bxh5+ Kg7 52. Ke5 Kh7 53. Kf5 Kg7 54. Bb4 Kh7 55. Bf8 Kg8 56. Bxh6 Nh7 57. Ke6 Nf8+ 58. Ke7 Nh7 59. Bf7+ Kh8 60. Be6 1-0

[Event "Pardubice Czech op-A 35th"]
[Site "Pardubice"]
[Date "2024.07.26"]
[Round "8"]
[White "Kejna, Piotr"]
[Black "Amirkul, Alimzhan"]
[Result "1/2-1/2"]
[WhiteElo "2318"]
[BlackElo "2043"]
[PlyCount "58"]
[EventDate "2024.07.19"]
[EventType "swiss"]
[EventRounds "9"]
[EventCountry "CZE"]
[SourceTitle "CBM 221 Extra"]
[Source "ChessBase"]
[SourceDate "2024.09.30"]
[SourceVersion "1"]
[SourceVersionDate "2024.09.30"]
[SourceQuality "1"]

1. e4 c5 2. Nf3 d6 3. Bb5+ Bd7 4. Bxd7+ Nxd7 5. c3 Ngf6 6. Qe2 Rc8 7. 0-0 e6 8. d4 cxd4 9. cxd4 d5 10. Nc3 dxe4 11. Nxe4 Be7 12. Bf4 0-0 13. Nd6 Rc6 14. Nxb7 Qb6 15. Nc5 Nxc5 16. dxc5 Qxc5 17. Be3 Qa5 18. Nd4 Rcc8 19. Rfd1 Nd5 20. Nb3 Qa4 21. Rd4 Qd7 22. Rad1 Bf6 23. R4d2 Qa4 24. Nc5 Qxa2 25. Nd7 Rfe8 26. Rxd5 exd5 27. Nxf6+ gxf6 28. Qg4+ Kh8 29. Bh6 Rg8 1/2-1/2

[Event "Pardubice Czech op-A 35th"]
[Site "Pardubice"]
[Date "2024.07.21"]
[Round "3"]
[White "Amirkul, Alimzhan"]
[Black "Kulon, Klaudia"]
[Result "1/2-1/2"]
[WhiteElo "2043"]
[BlackElo "2379"]
[PlyCount "107"]
[EventDate "2024.07.19"]
[EventType "swiss"]
[EventRounds "9"]
[EventCountry "CZE"]
[SourceTitle "CBM 221 Extra"]
[Source "ChessBase"]
[SourceDate "2024.09.30"]
[SourceVersion "1"]
[SourceVersionDate "2024.09.30"]
[SourceQuality "1"]

1. e4 c5 2. d4 cxd4 3. Qxd4 Nc6 4. Qd3 Nf6 5. Nc3 g6 6. Nf3 Bg7 7. Be2 0-0 8. 0-0 a6 9. Nd5 b5 10. Bg5 Ne8 11. c3 Bb7 12. Rfd1 h6 13. Bh4 g5 14. Bg3 e6 15. Ne3 Na5 16. e5 Bc6 17. Nd4 Bb7 18. Nf3 Bc6 19. h4 Rc8 20. hxg5 hxg5 21. Nd4 Ba8 22. a4 Nc4 23. Nxc4 bxc4 24. Qe3 Bd5 25. Nf3 Bh6 26. Nh2 d6 27. Ng4 Bg7 28. exd6 f5 29. Rxd5 exd5 30. Qe6+ Kh7 31. d7 Ra8 32. Qxd5 fxg4 33. dxe8Q Rxe8 34. Qxc4 Qc8 35. Bd3+ Kh8 36. Qf7 Qe6 37. Qh5+ Qh6 38. Qxg4 Rad8 39. Bc4 Rd2 40. Rb1 Qg6 41. Qh3+ Bh6 42. Rf1 g4 43. Qh2 Kh7 44. Bf4 Rxb2 45. Bxh6 Qxh6 46. Qxh6+ Kxh6 47. Bxa6 Rd8 48. Kh2 Rdd2 49. Kg3 Kg5 50. f4+ gxf3 51. Kxf3 Rdc2 52. Bb5 Rxc3+ 53. Ke4 Rxg2 54. Ra1 1/2-1/2

[Event "Pardubice Czech op-A 35th"]
[Site "Pardubice"]
[Date "2024.07.20"]
[Round "2"]
[White "Vojta, Jakub"]
[Black "Amirkul, Alimzhan"]
[Result "0-1"]
[WhiteElo "2266"]
[BlackElo "2043"]
[PlyCount "74"]
[EventDate "2024.07.19"]
[EventType "swiss"]
[EventRounds "9"]
[EventCountry "CZE"]
[SourceTitle "CBM 221 Extra"]
[Source "ChessBase"]
[SourceDate "2024.09.30"]
[SourceVersion "1"]
[SourceVersionDate "2024.09.30"]
[SourceQuality "1"]

1. e4 c5 2. Nf3 Nc6 3. Bc4 e6 4. 0-0 Nf6 5. Re1 Nxe4 6. Rxe4 d5 7. Bxd5 Qxd5 8. Nc3 Qf5 9. d4 cxd4 10. Nxd4 Nxd4 11. Rxd4 Be7 12. Be3 0-0 13. Rf4 Qa5 14. Qf3 Qc7 15. Qh5 e5 16. Nd5 Qd8 17. Nxe7+ Qxe7 18. Rh4 Bf5 19. Bc5 Qxc5 20. Qxf5 g6 21. Qh3 h5 22. g4 Qxc2 23. gxh5 g5 24. Rb4 Rad8 25. Qg4 Kh8 26. Rxb7 Rd4 27. Qxg5 Rd1+ 28. Rxd1 Qxd1+ 29. Kg2 Qd5+ 30. f3 Rg8 31. Qxg8+ Kxg8 32. Rxa7 Qd2+ 33. Kh3 Qxb2 34. Ra4 Qf2 35. Kg4 Qg2+ 36. Kf5 Qxf3+ 37. Kxe5 f6+ 0-1

[Event "Benasque op 43rd"]
[Site "Benasque"]
[Date "2024.07.09"]
[Round "5"]
[White "Amirkul, Alimzhan"]
[Black "Levin, Guy"]
[Result "0-1"]
[WhiteElo "2043"]
[BlackElo "2460"]
[PlyCount "94"]
[EventDate "2024.07.05"]
[EventType "swiss"]
[EventRounds "10"]
[EventCountry "ESP"]
[SourceTitle "CBM 221 Extra"]
[Source "ChessBase"]
[SourceDate "2024.09.30"]
[SourceVersion "1"]
[SourceVersionDate "2024.09.30"]
[SourceQuality "1"]

1. e4 c5 2. d4 cxd4 3. Qxd4 Nc6 4. Qd3 g6 5. Nc3 Bg7 6. Nf3 d6 7. Be2 Nf6 8. 0-0 0-0 9. Nd5 Nd7 10. c3 Nc5 11. Qc2 f5 12. exf5 Bxf5 13. Qd1 Kh8 14. Bg5 Qd7 15. Re1 Rae8 16. Nd4 Ne4 17. Be3 e6 18. Nxc6 bxc6 19. Nb4 a5 20. Nd3 Nf6 21. Qa4 Nd5 22. Bg5 Rb8 23. Qa3 h6 24. Bh4 e5 25. Bg3 g5 26. Rad1 Qc7 27. Bf3 Nf4 28. Bxf4 gxf4 29. c4 Rbe8 30. Bh5 Rd8 31. b3 d5 32. Qc1 dxc4 33. Nc5 cxb3 34. axb3 Rxd1 35. Bxd1 Qb6 36. Bf3 Rd8 37. h4 Qb4 38. h5 Rd2 39. Ne4 Rd4 40. Nc5 e4 41. Na6 Qd6 42. Be2 e3 43. fxe3 fxe3 44. Rd1 Rxd1+ 45. Qxd1 Qxd1+ 46. Bxd1 Bd3 47. Nb8 Bd4 0-1

[Event "Asia-ch Blitz U16"]
[Site "Almaty"]
[Date "2024.06.20"]
[Round "2"]
[White "Amirkul, Alimzhan"]
[Black "Efimov, Leonid"]
[Result "1-0"]
[WhiteElo "1994"]
[BlackElo "2275"]
[PlyCount "49"]
[EventDate "2024.06.20"]
[EventType "swiss (blitz)"]
[EventRounds "9"]
[EventCountry "KAZ"]
[SourceTitle "EXT 2025"]
[Source "ChessBase"]
[SourceDate "2024.10.14"]
[SourceVersion "1"]
[SourceVersionDate "2024.10.14"]
[SourceQuality "1"]
[WhiteTeam "KAZ"]
[BlackTeam "FID"]

1. e4 c5 2. d4 cxd4 3. Qxd4 Nc6 4. Qd3 g6 5. Nc3 Bg7 6. Nf3 d6 7. Be2 Bg4 8. 0-0 Nf6 9. Nd5 Bxf3 10. Bxf3 0-0 11. c3 Ne5 12. Qe2 Nfd7 13. Bg5 Re8 14. Rad1 h6 15. Bh4 Rc8 16. Bg4 Nxg4 17. Qxg4 g5 18. Bg3 Ne5 19. Qh5 e6 20. Ne3 Qb6 21. Bxe5 dxe5 22. Ng4 Kh7 23. Nxh6 Bxh6 24. Qxf7+ Bg7 25. Rd7 1-0

[Event "Asia-ch Rapid U16"]
[Site "Almaty"]
[Date "2024.06.10"]
[Round "2"]
[White "Maslovskiy, Vladimir"]
[Black "Amirkul, Alimzhan"]
[Result "1-0"]
[WhiteElo "2303"]
[BlackElo "2004"]
[PlyCount "103"]
[EventDate "2024.06.10"]
[EventType "swiss (rapid)"]
[EventRounds "9"]
[EventCountry "KAZ"]
[SourceTitle "EXT 2025"]
[Source "ChessBase"]
[SourceDate "2024.10.14"]
[SourceVersion "1"]
[SourceVersionDate "2024.10.14"]
[SourceQuality "1"]
[WhiteTeam "RUS"]
[BlackTeam "KAZ"]

1. e4 c5 2. Nf3 Nc6 3. d4 cxd4 4. Nxd4 e5 5. Nb5 d6 6. c4 Be7 7. N1c3 a6 8. Na3 f5 9. exf5 Bxf5 10. Bd3 Be6 11. 0-0 Nf6 12. Nc2 0-0 13. Be3 b5 14. Nd5 bxc4 15. Bxc4 Nxd5 16. Bxd5 Qd7 17. Qg4 Nd8 18. Nb4 Kh8 19. Bxe6 Qxe6 20. Qe4 Rc8 21. Rac1 Nf7 22. Qd5 Qxd5 23. Nxd5 Bg5 24. Nb6 Rxc1 25. Rxc1 Bxe3 26. fxe3 Ng5 27. Rc8 Kg8 28. a4 Rxc8 29. Nxc8 Ne4 30. Kf1 Kf7 31. Ke2 Ke6 32. Nb6 d5 33. Kd3 Nf2+ 34. Ke2 Ne4 35. Kd3 Nf2+ 36. Kc2 Ng4 37. Kd2 Nxh2 38. b4 Ng4 39. a5 Nf6 40. b5 Ne4+ 41. Kc2 Nc5 42. Kc3 axb5 43. Kb4 Kd6 44. Kxb5 d4 45. exd4 exd4 46. Nc8+ Kd5 47. Ne7+ Ke4 48. Kxc5 d3 49. Nd5 d2 50. Nc3+ Kd3 51. Nd1 Kc2 52. Nf2 1-0

[Event "Asia-ch U16"]
[Site "Al Ain"]
[Date "2023.12.19"]
[Round "7"]
[White "Amirkul, Alimzhan"]
[Black "Amangeldy, Ernur"]
[Result "0-1"]
[WhiteElo "2047"]
[BlackElo "2134"]
[PlyCount "108"]
[EventDate "2023.12.14"]
[EventType "swiss"]
[EventRounds "9"]
[EventCountry "UAE"]
[SourceTitle "EXT 2025"]
[Source "ChessBase"]
[SourceDate "2024.10.14"]
[SourceVersion "1"]
[SourceVersionDate "2024.10.14"]
[SourceQuality "1"]

1. e4 c5 2. Nf3 d6 3. d4 cxd4 4. Nxd4 Nc6 5. Nc3 e5 6. Nb3 Nf6 7. Bg5 Be7 8. Qd2 h6 9. Bxf6 Bxf6 10. Rd1 Be7 11. Nb5 0-0 12. Nxd6 Bg4 13. f3 Bh4+ 14. Ke2 Be6 15. c3 Qb6 16. Qe3 Qa6+ 17. Qd3 Qxa2 18. Nc5 Qxb2+ 19. Rd2 Qb6 20. Qb5 Nd4+ 21. cxd4 Qxd6 22. d5 Bc8 23. Rc2 b6 24. Nd3 Bd7 25. Qb4 Be7 26. Qxd6 Bxd6 27. Kd2 Rfc8 28. Be2 Rxc2+ 29. Kxc2 Kf8 30. Rb1 Rc8+ 31. Kd2 Ke7 32. Rc1 Rxc1 33. Nxc1 Bb4+ 34. Kc2 Kd6 35. Na2 Ba5 36. Kb3 Kc5 37. Nc1 f6 38. h3 Bd2 39. Nd3+ Kd6 40. Kc2 Be3 41. Kb3 a5 42. Ka3 b5 43. Kb3 Bc5 44. Kc3 Bc8 45. Kb3 Ba6 46. Nc1 Kc7 47. Na2 Bd4 48. Nc1 Kb6 49. Kc2 b4 50. Nd3 a4 51. d6 b3+ 52. Kd2 Bxd3 53. d7 Kc7 54. Bxd3 a3 0-1

[Event "Asia-ch U16"]
[Site "Al Ain"]
[Date "2023.12.17"]
[Round "5"]
[White "Amirkul, Alimzhan"]
[Black "Zhang, Zhi"]
[Result "0-1"]
[WhiteElo "2047"]
[BlackElo "1812"]
[PlyCount "106"]
[EventDate "2023.12.14"]
[EventType "swiss"]
[EventRounds "9"]
[EventCountry "UAE"]
[SourceTitle "EXT 2025"]
[Source "ChessBase"]
[SourceDate "2024.10.14"]
[SourceVersion "1"]
[SourceVersionDate "2024.10.14"]
[SourceQuality "1"]

1. e4 d6 2. d4 Nf6 3. Nc3 e5 4. Nf3 exd4 5. Nxd4 Be7 6. g3 0-0 7. Bg2 Re8 8. 0-0 c6 9. Re1 Bf8 10. h3 a5 11. Kh2 Nbd7 12. f4 Qc7 13. Be3 Nc5 14. Bf2 g6 15. Nb3 Ne6 16. a4 Nd7 17. Re2 b6 18. Qg1 Bg7 19. Rd2 Nec5 20. Nxc5 Nxc5 21. e5 dxe5 22. Bxc5 bxc5 23. Qxc5 exf4 24. Qxc6 fxg3+ 25. Kh1 Qxc6 26. Bxc6 Bxh3 27. Bxa8 Rxa8 28. Rad1 Bf6 29. Ne4 Be7 30. Nxg3 Rc8 31. c3 Be6 32. Ne4 Bb3 33. Re1 Bxa4 34. Nd6 Rc7 35. Kg1 Bb3 36. Re5 a4 37. Rb5 Bxd6 38. Rxd6 h5 39. Rbb6 Rc4 40. Rbc6 Rg4+ 41. Kf2 Rf4+ 42. Kg3 g5 43. Rd4 h4+ 44. Kg2 Rf5 45. c4 Kg7 46. Rb6 Re5 47. Rb5 Re2+ 48. Kh3 f6 49. Rb6 Rxb2 50. Rd7+ Kg6 51. Rdd6 Rf2 52. c5 Bc4 53. Rb1 Bf1+ 0-1